[Event "World Chess Summit (Women)"]
[Site "Chess.com INT"]
[Date "2020.12.04"]
[Round "4"]
[White "Dzagnidze, Nana"]
[Black "Zhao, Xue"]
[Result "0-1"]
[WhiteElo "2524"]
[BlackElo "2486"]
[PlyCount "94"]
[EventDate "2020.12.04"]
[EventType "tourn (rapid)"]
[EventRounds "9"]
[EventCountry "CHN"]
[EventCategory "11"]
[SourceTitle "CBM 199 Extra"]
[Source "ChessBase"]
[SourceDate "2021.01.31"]
[SourceVersion "1"]
[SourceVersionDate "2021.01.31"]
[SourceQuality "1"]

1. c4 Nf6 2. Nf3 e6 3. Nc3 Bb4 4. Qc2 d5 5. e3 0-0 6. a3 Bxc3 7. Qxc3 c5 8. b4 Nc6 9. bxc5 Ne4 10. Qc2 Qa5 11. Bb2 Qxc5 12. Bd3 Na5 13. Rc1 Bd7 14. Bxe4 dxe4 15. Qxe4 Rac8 16. 0-0 Nb3 17. Rc2 Ba4 18. Qg4 g6 19. Ng5 Qf5 20. Qh4 h5 21. Ne4 e5 22. d3 Nc5 23. Nd6 Qe6 24. Nxc8 Bxc2 25. Ne7+ Kh7 26. d4 Nd3 27. Ba1 Qxc4 28. Qf6 Qe6 29. dxe5 Re8 30. Nd5 Nc5 31. Qxe6 Rxe6 32. Bd4 Nd3 33. f4 Ra6 34. Ra1 b5 35. Nc7 Ra5 36. e6 fxe6 37. Nxe6 Kg8 38. Ra2 Bb3 39. Ra1 Bxe6 40. Kf1 Bc4 41. Ke2 Nxf4+ 42. Kf3 Ne6 43. Bc3 Ra6 44. Ke4 Rd6 45. a4 Rd3 46. Bf6 Nc5+ 47. Ke5 Nd7+ 0-1

[Event "Speed Chess (Women) Q2"]
[Site "Chess.com INT"]
[Date "2020.06.19"]
[Round "5"]
[White "Charochkina, Daria"]
[Black "Zhao, Xue"]
[Result "1-0"]
[WhiteElo "2356"]
[BlackElo "2486"]
[PlyCount "79"]
[EventDate "2020.06.19"]
[EventType "swiss (blitz)"]
[EventRounds "13"]
[EventCountry "USA"]
[SourceTitle "CBM 196 Extra"]
[Source "ChessBase"]
[SourceDate "2020.07.31"]
[SourceVersion "1"]
[SourceVersionDate "2020.07.31"]
[SourceQuality "1"]

1. c4 e6 2. Nc3 d5 3. d4 Bb4 4. Nf3 Ne7 5. Bd2 0-0 6. e3 c5 7. a3 Bxc3 8. Bxc3 cxd4 9. Nxd4 Nbc6 10. Be2 Nxd4 11. Qxd4 Nf5 12. Qf4 dxc4 13. Rd1 Qh4 14. g4 Ne7 15. Qd4 Qh6 16. h4 Nd5 17. g5 Qg6 18. Bh5 Nxc3 19. Bxg6 Nxd1 20. Bc2 Nxf2 21. Kxf2 e5 22. Qxe5 f6 23. Qd5+ Kh8 24. gxf6 Rxf6+ 25. Kg3 Be6 26. Qxb7 Raf8 27. Rd1 h5 28. Be4 Bg4 29. Rd5 Re8 30. Re5 Ref8 31. Bc6 Kh7 32. Re8 Rxe8 33. Bxe8 Re6 34. Bc6 Rxe3+ 35. Kf2 Re2+ 36. Kf1 Re6 37. Be4+ Kh6 38. Qd5 Rf6+ 39. Ke1 g6 40. Qg8 1-0

[Event "Speed Chess (Women) Q2"]
[Site "Chess.com INT"]
[Date "2020.06.19"]
[Round "4"]
[White "Zhao, Xue"]
[Black "Osmanodja, Filiz"]
[Result "1-0"]
[WhiteElo "2486"]
[BlackElo "2293"]
[PlyCount "71"]
[EventDate "2020.06.19"]
[EventType "swiss (blitz)"]
[EventRounds "13"]
[EventCountry "USA"]
[SourceTitle "CBM 196 Extra"]
[Source "ChessBase"]
[SourceDate "2020.07.31"]
[SourceVersion "1"]
[SourceVersionDate "2020.07.31"]
[SourceQuality "1"]

1. Nf3 c5 2. e3 d5 3. b3 Nf6 4. Bb2 e6 5. g3 Bd6 6. Bg2 0-0 7. 0-0 Nc6 8. c4 e5 9. cxd5 Nxd5 10. Nc3 Ndb4 11. d3 Bc7 12. Ne1 Bf5 13. Ne4 Qe7 14. a3 Nd5 15. Rc1 Rad8 16. Nxc5 Bb6 17. b4 Bg6 18. Qb3 Nc7 19. Nxb7 Nb8 20. Nxd8 Rxd8 21. d4 exd4 22. Bxd4 Bxd4 23. exd4 Rxd4 24. Nf3 Rd8 25. Rfe1 Qd7 26. Red1 Qc8 27. Rxd8+ Qxd8 28. Ne5 Bf5 29. Qf3 Be6 30. Qb7 Nba6 31. Nc6 Qd2 32. Rf1 h5 33. b5 Bc4 34. Qc8+ Kh7 35. bxa6 Bxf1 36. Qf5+ 1-0

[Event "Speed Chess (Women) Q1"]
[Site "Chess.com INT"]
[Date "2020.06.18"]
[Round "9"]
[White "Bivol, Alina"]
[Black "Zhao, Xue"]
[Result "0-1"]
[WhiteElo "2386"]
[BlackElo "2486"]
[PlyCount "68"]
[EventDate "2020.06.18"]
[EventType "swiss (blitz)"]
[EventRounds "9"]
[EventCountry "USA"]
[SourceTitle "CBM 196 Extra"]
[Source "ChessBase"]
[SourceDate "2020.07.31"]
[SourceVersion "1"]
[SourceVersionDate "2020.07.31"]
[SourceQuality "1"]

1. Nf3 Nf6 2. g3 b5 3. Bg2 d5 4. 0-0 e6 5. d4 Nbd7 6. Nbd2 c5 7. dxc5 Nxc5 8. Nd4 Qb6 9. c3 Bd6 10. a4 bxa4 11. c4 Ba6 12. cxd5 exd5 13. b3 Be5 14. N2f3 Bxd4 15. Nxd4 axb3 16. Ba3 Bc4 17. Nf5 0-0 18. Qd4 Ncd7 19. Qh4 Rfc8 20. Qg5 Ne8 21. Ne7+ Kh8 22. Nxc8 Rxc8 23. Bxd5 Bxe2 24. Rfe1 Bd3 25. Bxf7 Nef6 26. Bb2 Rc2 27. Qe3 Qxe3 28. Rxe3 Bg6 29. Bxf6 Bxf7 30. Bd4 h5 31. Rxa7 Rd2 32. Rxd7 b2 33. Rb7 Rd1+ 34. Kg2 Bd5+ 0-1

[Event "Speed Chess (Women) Q1"]
[Site "Chess.com INT"]
[Date "2020.06.18"]
[Round "7"]
[White "Tokhirjonova, Gulruhbegim"]
[Black "Zhao, Xue"]
[Result "1-0"]
[WhiteElo "2378"]
[BlackElo "2486"]
[PlyCount "85"]
[EventDate "2020.06.18"]
[EventType "swiss (blitz)"]
[EventRounds "9"]
[EventCountry "USA"]
[SourceTitle "CBM 196 Extra"]
[Source "ChessBase"]
[SourceDate "2020.07.31"]
[SourceVersion "1"]
[SourceVersionDate "2020.07.31"]
[SourceQuality "1"]

1. e4 Nf6 2. e5 Nd5 3. d4 d6 4. Nf3 dxe5 5. Nxe5 c6 6. Be2 Nd7 7. Nf3 N7f6 8. h3 Bf5 9. 0-0 e6 10. c4 Nb6 11. Be3 Be7 12. Nc3 Ne4 13. Qc1 0-0 14. Rd1 Nxc3 15. Qxc3 Qc7 16. b4 a5 17. a3 Nd7 18. Qb2 h6 19. Bd2 axb4 20. axb4 Bf6 21. Bc3 b5 22. cxb5 cxb5 23. Bxb5 Nb6 24. Rac1 Qb8 25. Bc6 Na4 26. Bxa4 Rxa4 27. Ne5 Qb5 28. Ra1 Rc8 29. Rxa4 Qxa4 30. Ra1 Qb5 31. Ra5 Qb7 32. Rc5 Ra8 33. b5 Be7 34. b6 Bxc5 35. dxc5 Be4 36. f3 Bd5 37. Bd4 Ra2 38. Qb5 Rc2 39. Qe8+ Kh7 40. Nxf7 Rc1+ 41. Kh2 Qa6 42. Qh8+ Kg6 43. Qxg7+ 1-0

[Event "Speed Chess (Women) Q1"]
[Site "Chess.com INT"]
[Date "2020.06.18"]
[Round "3"]
[White "Zhao, Xue"]
[Black "Antova, Gabriela"]
[Result "1/2-1/2"]
[WhiteElo "2486"]
[BlackElo "2255"]
[PlyCount "107"]
[EventDate "2020.06.18"]
[EventType "swiss (blitz)"]
[EventRounds "9"]
[EventCountry "USA"]
[SourceTitle "CBM 196 Extra"]
[Source "ChessBase"]
[SourceDate "2020.07.31"]
[SourceVersion "1"]
[SourceVersionDate "2020.07.31"]
[SourceQuality "1"]

1. Nf3 d5 2. e3 Nf6 3. b3 c5 4. Bb2 g6 5. d3 Bg7 6. Nbd2 Nc6 7. g3 0-0 8. Bg2 d4 9. 0-0 e5 10. Nc4 Nd5 11. a4 Bg4 12. Qd2 Qd7 13. Rfe1 Rae8 14. Ng5 b6 15. h3 Be6 16. Nxe6 Rxe6 17. h4 Bh6 18. Qd1 dxe3 19. fxe3 Re7 20. Kh2 Nf6 21. Bh3 Qc7 22. Rf1 Nd5 23. Bg2 Nxe3 24. Nxe3 Bxe3 25. Qf3 Bd4 26. c3 e4 27. dxe4 Be5 28. Rad1 Rd8 29. Rd5 Na5 30. Rxd8+ Qxd8 31. Bc1 Rd7 32. Bg5 Qc7 33. Bh3 Rd6 34. b4 Nc4 35. Rf2 cxb4 36. cxb4 a5 37. b5 Rd4 38. Be6 Nd6 39. Bd5 Qd7 40. Rc2 Rxa4 41. Rc6 h5 42. Rxb6 Rb4 43. Rb8+ Kh7 44. Rd8 Rb2+ 45. Kg1 Bd4+ 46. Be3 Bxe3+ 47. Qxe3 Qh3 48. Rh8+ Kxh8 49. Qh6+ Kg8 50. Qxg6+ Kh8 51. Qh6+ Kg8 52. Qg6+ Kh8 53. Qh6+ Kg8 54. Qg6+ 1/2-1/2

[Event "Titled Tuesday intern op 26th May"]
[Site "Chess.com INT"]
[Date "2020.05.26"]
[Round "5"]
[White "Delorme, Alban"]
[Black "Zhao, Xue"]
[Result "1-0"]
[WhiteElo "2322"]
[BlackElo "2486"]
[PlyCount "103"]
[EventDate "2020.05.26"]
[EventType "swiss (blitz)"]
[EventRounds "10"]
[EventCountry "USA"]
[SourceTitle "CBM 196 Extra"]
[Source "ChessBase"]
[SourceDate "2020.07.31"]
[SourceVersion "1"]
[SourceVersionDate "2020.07.31"]
[SourceQuality "1"]

1. d4 Nf6 2. Nf3 e6 3. g3 b5 4. Bg2 d5 5. 0-0 Nbd7 6. a4 b4 7. c4 bxc3 8. Nxc3 c5 9. Bf4 Ba6 10. Nb5 Bxb5 11. axb5 Qb6 12. Qa4 cxd4 13. Rfc1 Bc5 14. b4 Be7 15. Bc7 Qb7 16. Nxd4 0-0 17. Nc6 Rfe8 18. Nxe7+ Rxe7 19. Qa6 Qxa6 20. Rxa6 Ree8 21. Rca1 Rac8 22. Rxa7 e5 23. b6 g5 24. R1a5 Re6 25. Ra8 Rxa8 26. Rxa8+ Kg7 27. b7 Rc6 28. Rc8 Rc1+ 29. Bf1 Rb1 30. Bxe5 Rxb4 31. b8Q Nxb8 32. Bxb8 Re4 33. e3 Re7 34. Bd6 Re6 35. Rd8 Ne4 36. Bf8+ Kg6 37. Bd3 f5 38. Rxd5 Rf6 39. Bxe4 fxe4 40. Be7 Rc6 41. Rxg5+ Kf7 42. Bc5 Ra6 43. Rd5 Ra5 44. Kg2 Ke6 45. Rg5 h6 46. Rh5 Kf7 47. h4 Kg6 48. Re5 Kf7 49. Bd4 Ra2 50. Rxe4 Kg6 51. Rf4 Rc2 52. Kf3 1-0

[Event "Titled Tuesday intern op 26th May"]
[Site "Chess.com INT"]
[Date "2020.05.26"]
[Round "2"]
[White "Tokman, Ariel"]
[Black "Zhao, Xue"]
[Result "1/2-1/2"]
[WhiteElo "2316"]
[BlackElo "2486"]
[PlyCount "128"]
[EventDate "2020.05.26"]
[EventType "swiss (blitz)"]
[EventRounds "10"]
[EventCountry "USA"]
[SourceTitle "CBM 196 Extra"]
[Source "ChessBase"]
[SourceDate "2020.07.31"]
[SourceVersion "1"]
[SourceVersionDate "2020.07.31"]
[SourceQuality "1"]

1. Nf3 Nf6 2. g3 b5 3. Bg2 d5 4. 0-0 e6 5. d4 Nbd7 6. Bg5 h6 7. Bxf6 Nxf6 8. Nbd2 c5 9. c3 Bb7 10. Nb3 c4 11. Nbd2 Be7 12. Re1 0-0 13. Ne5 Rb8 14. e4 dxe4 15. Nxe4 Nxe4 16. Bxe4 Bxe4 17. Rxe4 Qd5 18. Qe2 Rfc8 19. a3 a5 20. Ng4 b4 21. axb4 axb4 22. Re5 Qb7 23. d5 Bd6 24. Rxe6 fxe6 25. Qxe6+ Qf7 26. Qxd6 bxc3 27. bxc3 Rd8 28. Qe5 Qxd5 29. Qxd5+ Rxd5 30. Ne3 Rd3 31. Nxc4 Rxc3 32. Ne3 Rcb3 33. Ra4 Rf8 34. Ra2 Rb1+ 35. Kg2 Rc1 36. h4 Rd8 37. Rb2 Rc6 38. Rb4 Rd2 39. Rf4 Re6 40. Rf3 Ra2 41. Ng4 Ree2 42. Ne3 Ra7 43. Nf5 Rea2 44. Ne3 Re7 45. Nf5 Rf7 46. Ne3 Rxf3 47. Kxf3 Ra5 48. Kg2 Kf7 49. Ng4 Ke6 50. Ne3 Ke5 51. Ng4+ Ke4 52. Ne3 h5 53. Nc4 Ra2 54. Ne3 Rb2 55. Nc4 Re2 56. Ne3 Rxe3 57. fxe3 Kxe3 58. g4 hxg4 59. Kg3 Ke4 60. Kxg4 Ke5 61. Kg5 Ke4 62. h5 Kf3 63. Kg6 Kg4 64. Kxg7 Kxh5 1/2-1/2